000 00467nam a2200157Ia 4500
005 20250225114835.0
008 231217s9999 xx 000 0 und d
020 _a9788173666582
082 _a004.62 VAN;1 R
100 _aVan Benjamin, Iljitsch
245 0 _aBGP : building reliable networks with the border gateway protocol
260 _c2002
_bShroff
_aMumbai
300 _axiv+272
650 _aBGP,:,reliable,networks,border,gateway,protocol
942 _cAA
999 _c180625
_d180625